000 00731nam a22002537a 4500
001 25509
005 20260428174326.0
008 260427b |||||||| |||| 00| 0 spa d
020 _a9786123113445
041 _aESP
082 _a348.6
_bT869R
100 _aToyama Miyagusuku, Jorge
_eAUT
245 _aRemuneraciones y beneficios sociales
250 _aPrimera edición
260 _aLima :
_bGaceta Jurídica,
_c2016
300 _a174 páginas :
_bcuadros ;
_c24 cm.
440 _a ;
650 _aCIS
653 _aDerecho del trabajo, remuneraciones
654 _aCDE
700 _a;
856 _zVease además: Biblioteca Digital
_uhttps://itmsp.museknowledge.com/UCSP?groupID=2
942 _cLIB
_dJUS
_fMIP
_n0
_2ddc
999 _c25509
_d25509